Problemas de balance de materia y energia / Antonio Valiente Barderas,Rudi Primo Stivalet (Registro nro. 18885)
[ vista simple ]
| 000 -LÍDER | |
|---|---|
| fixed length control field | 00502nam a2200157 4500 |
| 008 - ELEMENTOS DE LONGITUD FIJA -- INFORMACIÓN GENERAL | |
| fixed length control field | 0 1981 0a 000 0Mex |
| 020 ## - NÚMERO INTERNACIONAL NORMALIZADO PARA LIBROS | |
| ISBN | 968-444-015-4 |
| 050 ## - SIGNATURA TOPOGRAFICA DE LA BIBLIOTECA DEL CONGRESO (LC) | |
| Número de Clasificación | QC107 V35 |
| 082 ## - NUMERO DE CLASIFICACION DECIMAL DEWEY | |
| Número de Clasificación | 660.2706 V125p |
| 100 ## - ASIENTO PRINCIPAL--NOMBRE PERSONAL | |
| Nombre personal | Valiente Barderas, Antonio |
| 245 ## - TÍTULO | |
| Título | Problemas de balance de materia y energia / Antonio Valiente Barderas,Rudi Primo Stivalet |
| 260 ## - PUBLICACIÓN, DISTRIBUCIÓN, ETC. (PIE DE IMPRENTA) | |
| Lugar de publicación, distribución, etc. | México : Alhambra |
| 300 ## - DESCRIPCIÓN FÍSICA | |
| Extensión | 385p / 23 cm. |
| 650 ## - ASIENTO SECUNDARIO DE MATERIA - TERMINO TEMÁTICO | |
| Término temático o nombre geográfico como elemento de entrada | 1. FISICA 2. QUIMICA |
| 700 ## - ASIENTO SECUNDARIO - NOMBRE PERSONAL | |
| Nombre personal | I. Primo Stivatet, Rudi. coaut. |
| No. biblioteca | No. biblioteca | Número de clasificación | Código de barras/Número de adquisición | Número de copia | Tipo de material |
|---|---|---|---|---|---|
| LUIS G. INCLAN | LUIS G. INCLAN | 660.2706 V125p | 34654 | 12 | Libros |
| LUIS G. INCLAN | LUIS G. INCLAN | 660.2706 V125p | 28061 | 11 | Libros |
